000 00307nam a2200109Ia 4500
008 201224s9999 xx 000 0 und d
100 _aFrank, Harry and Althoen, Steven C.
245 0 _aStatistics : Concepts and Applications
260 _aCambridge
_bCambridge University Press
300 _a853
942 _cBK
999 _c9003
_d9003